Les 100 plus grandes aires urbaines du monde en 2019 - Statistiques

Statistiques générales
  • Ce quiz a été pris 72 fois
  • Le résultat moyen est 64 sur 108
Statistiques - réponses
Population Ville % Correct
14 879 452 Moscou
100%
12 875 621 Paris
100%
42 796 714 Tokyo
100%
18 688 981 Los Angeles
98%
6 399 323 Madrid
97%
23 689 255 New York
97%
14 611 324 Londres
95%
20 879 830 Mexico
95%
12 333 715 Rio de Janeiro
95%
22 969 528 Le Caire
92%
21 716 210 Pekin
92%
24 256 800 Shanghai
92%
9 884 562 Chicago
90%
14 804 116 Istanbul
90%
26 454 086 Delhi
88%
31 689 592 Jakarta
88%
19 777 590 Osaka
88%
8 987 200 San Francisco
88%
21 090 691 São Paulo
88%
15 098 751 Buenos Aires
87%
5 225 690 Saint-Pétersbourg
87%
7 673 305 Dallas
85%
13 399 725 Johannesburg
83%
24 337 993 Mumbai
83%
15 237 586 Téhéran
83%
10 589 777 Bogota
82%
22 829 561 Lagos
82%
7 482 635 Santiago
82%
25 425 184 Séoul
82%
9 751 689 Washington
82%
5 346 518 Ankara
80%
6 972 374 Houston
80%
12 017 895 Kinshasa
80%
7 796 923 Alger
78%
10 233 687 Lima
78%
6 723 472 Miami
78%
8 753 111 Milan
78%
6 242 373 Toronto
78%
18 928 735 Bangkok
77%
5 407 264 Barcelone
77%
18 515 632 Dacca
77%
24 197 302 Manille
77%
8 256 895 Boston
75%
13 034 225 Bagdad
73%
16 984 251 Calcutta
72%
7 179 357 Philadelphie
70%
4 917 265 Caracas
68%
8 199 820 Singapour
68%
7 902 211 Islamabad - Rawalpindi
67%
8 756 102 Nairobi
67%
4 745 109 Seattle
67%
5 318 653 Détroit
65%
4 764 736 Montréal
65%
12 700 800 Canton
63%
7 588 150 Hanoï
63%
16 625 879 Karachi
63%
4 984 387 Alexandrie
62%
9 498 610 Taipei
62%
6 451 262 Atlanta
60%
7 374 885 Hong Kong
60%
6 152 180 Riyad
60%
4 798 384 Abidjan
58%
8 320 178 Kuala Lumpur
55%
4 850 740 Melbourne
55%
5 429 549 Dubaï
53%
12 551 789 Lahore
53%
5 213 646 San Diego
53%
8 444 698 Luanda
52%
13 180 744 Bangalore
50%
10 133 249 Wuhan
50%
7 221 323 Khartoum
48%
11 087 995 Nagoya
48%
4 860 880 Kaboul
47%
7 879 720 Randstad (Amsterdam,Rotterdam,La Haye)
47%
4 916 262 Accra
45%
5 695 313 Xi'an
43%
13 648 914 Hô-Chi-Minh-Ville
42%
10 211 897 Shenzhen
42%
5 572 776 Dar es Salam
40%
5 737 729 Belo Horizonte
38%
12 906 602 Chennai
38%
15 294 585 Chongqing
38%
14 731 106 Hyderabad
38%
14 527 500 Chengdu
35%
5 837 294 Colombo
35%
11 033 528 Tianjin
33%
8 050 661 Busan
32%
8 145 319 Ahmedabad
28%
6 226 259 Pune
27%
5 125 689 Harbin
23%
6 101 172 Amman
22%
8 934 569 Bandung
22%
5 624 154 Hangzhou
22%
7 360 703 Rangoon
22%
6 761 964 Shenyang
20%
4 959 165 Kano
18%
6 852 984 Nanjing
17%
10 987 511 Surabaya
17%
7 873 910 Faisalabad
15%
11 321 568 Rhin-Ruhr (Dortmund,Essen,Bochum)
13%
6 635 001 Surate
12%
5 881 345 Ibadan
10%
5 391 028 Shantou
10%
5 189 241 Medan
8%
8 321 555 Dongguan
3%
7 261 800 Foshan
2%
7 242 987 Semarang
0%
5 984 514 Surakarta
0%
Aucun quiz correspondant
Distribution des résultats
% des personnes avec chaque résultat
Percentile par nombre de réponses
Votre historique - résultats
Vous n’avez pas pris ce quiz